[Event "XXIX Cracovia 2018"]
[Site "Krakow"]
[Date "2018.12.29"]
[Round "4"]
[White "Patsia, Zviad"]
[Black "Brylski, Pawel"]
[Result "1-0"]
[WhiteElo "2058"]
[BlackElo "1975"]
[Annotator "NA"]
[PlyCount "47"]
[EventDate "2018.12.27"]
[EventType "swiss"]
[EventCountry "POL"]
[SourceTitle "playchess.com"]
[Source "ChessBase"]
[SourceQuality "1"]
[TimeControl "40/5400+30:1800+30"]

1. c4 {[%emt 0:00:23]} f5 {[%emt 0:00:00]} 2. Nc3 {[%emt 0:02:05]} Nf6 {[%emt 0:00:00]} 3. g3 {[%emt 0:00:29]} e6 {[%emt 0:00:17]} 4. Bg2 {[%emt 0:00:26]} Be7 {[%emt 0:01:07]} 5. d4 {[%emt 0:00:29]} d6 {[%emt 0:00:16]} 6. Nf3 {[%emt 0:03:24]} O-O {[%emt 0:00:30]} 7. b3 {[%emt 0:05:24]} Qe8 {[%emt 0:03:39]} 8. Qc2 {[%emt 0:02:30]} Qh5 {[%emt 0:07:55]} 9. h3 {[%emt 0:02:15]} Nc6 {[%emt 0:07:53]} 10. Bb2 {[%emt 0:10:22]} a5 {[%emt 0:03:44]} 11. a3 {[%emt 0:01:03]} Rb8 {[%emt 0:14:46]} 12. d5 {[%emt 0:06:07]} Ne5 {[%emt 0:04:27]} 13. Nxe5 {[%emt 0:02:58]} dxe5 {[%emt 0:00:13]} 14. Nb5 {[%emt 0:00:37]} exd5 {[%emt 0:16:10]} 15. Bxe5 {[%emt 0:00:27]} Bd7 {[%emt 0:03:34]} 16. Nxc7 {[%emt 0:02:25]} Ne4 {[%emt 0:05:48]} 17. Nxd5 {[%emt 0:01:05]} Bc5 {[%emt 0:00:23]} 18. e3 {[%emt 0:07:09]} Rbe8 {[%emt 0:00:54]} 19. Qb2 {[%emt 0:05:34]} f4 {[%emt 0:09:58]} 20. Bxf4 {[%emt 0:01:15]} g5 {[%emt 0:01:09]} 21. Bxe4 {[%emt 0:02:01]} gxf4 {[%emt 0:00:43]} 22. gxf4 {[%emt 0:00:18]} Qh6 {[%emt 0:05:13]} 23. Rg1+ {[%emt 0:01:30]} Kf7 {[%emt 0:00:09]} 24. Bg6+ {[%emt 0:00:30]} 1-0

[Event "XXIX Cracovia 2018"]
[Site "Krakow"]
[Date "2018.12.29"]
[Round "4"]
[White "Budnik, Mateusz"]
[Black "Gawronski, Lukasz"]
[Result "1-0"]
[WhiteElo "2053"]
[BlackElo "1916"]
[Annotator "NA"]
[PlyCount "73"]
[EventDate "2018.12.27"]
[EventType "swiss"]
[EventCountry "POL"]
[SourceTitle "playchess.com"]
[Source "ChessBase"]
[SourceQuality "1"]
[TimeControl "40/5400+30:1800+30"]

1. e4 e6 2. d4 d5 3. Nd2 c5 {[%emt 1:31:30]} 4. Ngf3 cxd4 {[%emt 0:00:30]} 5. Nxd4 Nc6 {[%emt 0:00:30]} 6. Nxc6 bxc6 7. Bd3 Qc7 8. O-O Bd6 9. h3 Ne7 10. c4 d4 11. Nf3 c5 12. b4 O-O 13. b5 Ng6 14. a4 Nf4 15. e5 Bxe5 16. Nxe5 Qxe5 17. Qf3 Nxd3 18. Qxa8 Qf5 19. Qxa7 Qe4 20. f3 Qe2 21. b6 Ne1 22. Rf2 Qd1 23. Kh2 Qb3 24. Rb2 Qc3 25. b7 Bxb7 26. Qxb7 Nd3 27. Rbb1 Qxc4 28. Qb3 Qa6 29. Bd2 Qd6+ 30. f4 Nxf4 31. Bxf4 Qxf4+ 32. Qg3 Qe4 33. a5 e5 34. Re1 Qc2 35. Qxe5 d3 36. a6 d2 37. Red1 1-0

[Event "XXIX Cracovia 2018"]
[Site "Krakow"]
[Date "2018.12.29"]
[Round "4"]
[White "Warchol, Bartosz"]
[Black "Jablonska, Sabina"]
[Result "1-0"]
[WhiteElo "1975"]
[BlackElo "1964"]
[Annotator "NA"]
[PlyCount "63"]
[EventDate "2018.12.27"]
[EventType "swiss"]
[EventCountry "POL"]
[SourceTitle "playchess.com"]
[Source "ChessBase"]
[SourceQuality "1"]
[TimeControl "40/5400+30:1800+30"]

1. d4 {[%emt 0:00:00]} d5 {[%emt 0:00:00]} 2. c4 {[%emt 0:00:00]} c6 {[%emt 0:00:00]} 3. Nf3 {[%emt 0:00:00]} a6 {[%emt 0:00:06]} 4. e3 {[%emt 0:00:28]} Nf6 {[%emt 0:01:00]} 5. Nc3 {[%emt 0:00:35]} b5 {[%emt 0:06:47]} 6. b3 {[%emt 0:03:44]} Bg4 {[%emt 0:04:20]} 7. Bd3 {[%emt 0:04:12]} e6 {[%emt 0:06:22]} 8. Qc2 {[%emt 0:01:37]} Bxf3 {[%emt 0:16:03]} 9. gxf3 {[%emt 0:00:16]} Be7 {[%emt 0:08:15]} 10. Bb2 {[%emt 0:02:06]} Nbd7 {[%emt 0:06:35]} 11. O-O {[%emt 0:03:55]} O-O {[%emt 0:10:42]} 12. Ne2 {[%emt 0:09:43]} Bd6 {[%emt 0:09:31]} 13. Kh1 {[%emt 0:09:00]} Re8 {[%emt 0:02:45]} 14. f4 {[%emt 0:02:59]} Nf8 {[%emt 0:09:01]} 15. Ng1 {[%emt 0:02:29]} Ng6 {[%emt 0:04:27]} 16. Nf3 {[%emt 0:01:46]} Nd7 {[%emt 0:04:02]} 17. Rg1 {[%emt 0:04:25]} f5 {[%emt 0:01:26]} 18. Ng5 {[%emt 0:07:45]} Ndf8 {[%emt 0:00:45]} 19. Qe2 {[%emt 0:01:56]} Ra7 {[%emt 0:03:35]} 20. Qh5 {[%emt 0:04:09]} h6 {[%emt 0:00:26]} 21. Nf3 {[%emt 0:02:20]} Kh7 {[%emt 0:00:27]} 22. Rg2 {[%emt 0:02:36]} Qf6 {[%emt 0:00:50]} 23. Rag1 {[%emt 0:01:06]} Ree7 {[%emt 0:02:15]} 24. Ng5+ {[%emt 0:08:57]} Kg8 {[%emt 0:00:04]} 25. Nxe6 {[%emt 0:00:12]} Rf7 {[%emt 0:01:44]} 26. Rxg6 {[%emt 0:01:51]} Nxg6 {[%emt 0:00:21]} 27. Rxg6 {[%emt 0:00:39]} Qe7 {[%emt 0:00:40]} 28. Bxf5 {[%emt 0:05:28]} bxc4 {[%emt 0:00:06]} 29. Qxh6 {[%emt 0:02:43]} cxb3 {[%emt 0:00:53]} 30. Ng5 {[%emt 0:01:45]} Qb7 {[%emt 0:00:51]} 31. Qh7+ {[%emt 0:03:34]} Kf8 {[%emt 0:00:01]} 32. Re6 {[%emt 0:01:38]} 1-0

[Event "XXIX Cracovia 2018"]
[Site "Krakow"]
[Date "2018.12.29"]
[Round "4"]
[White "Zianowicz, Dominik"]
[Black "Jankowiak, Tomasz"]
[Result "1/2-1/2"]
[WhiteElo "1969"]
[BlackElo "2070"]
[Annotator "NA"]
[PlyCount "70"]
[EventDate "2018.12.27"]
[EventType "swiss"]
[EventCountry "POL"]
[SourceTitle "playchess.com"]
[Source "ChessBase"]
[SourceQuality "1"]
[TimeControl "40/5400+30:1800+30"]

1. d4 d5 2. c4 c6 3. Nc3 Nf6 4. cxd5 cxd5 5. Bf4 Nc6 6. e3 a6 7. Bd3 Bg4 8. f3 Bh5 9. Rc1 e6 10. Nge2 Bd6 11. O-O Bg6 12. Na4 Bxd3 13. Qxd3 Bxf4 14. Nxf4 Nd7 15. Qa3 Qe7 16. Qxe7+ Kxe7 17. Nd3 Rhc8 18. Ndc5 Nxc5 19. Nxc5 b6 20. Nd3 a5 21. Rc3 Nb4 22. Rfc1 Rxc3 23. Rxc3 Nxd3 24. Rxd3 Rc8 25. Kf1 Rc1+ 26. Ke2 Rg1 27. Kf2 Ra1 28. Rb3 Rxa2 29. Rxb6 a4 30. Kg3 Ra1 31. Ra6 h5 32. h4 Rb1 33. Rxa4 Rxb2 34. e4 dxe4 35. fxe4 Rd2 1/2-1/2

[Event "XXIX Cracovia 2018"]
[Site "Krakow"]
[Date "2018.12.29"]
[Round "4"]
[White "Szwaj, Jacek"]
[Black "Kumor, Lukasz"]
[Result "0-1"]
[WhiteElo "1968"]
[BlackElo "2040"]
[Annotator "NA"]
[PlyCount "118"]
[EventDate "2018.12.27"]
[EventType "swiss"]
[EventCountry "POL"]
[SourceTitle "playchess.com"]
[Source "ChessBase"]
[SourceQuality "1"]
[TimeControl "40/5400+30:1800+30"]

1. e4 {[%emt 0:00:00]} c5 {[%emt 0:04:12]} 2. Nf3 {[%emt 0:00:00]} Nc6 {[%emt 0:02:29]} 3. d4 {[%emt 0:00:02]} cxd4 {[%emt 0:00:03]} 4. Nxd4 {[%emt 0:00:08]} Nf6 {[%emt 0:01:52]} 5. Nc3 {[%emt 0:01:59]} e5 {[%emt 0:03:00]} 6. Ndb5 {[%emt 0:01:11]} d6 {[%emt 0:00:10]} 7. Bg5 {[%emt 0:00:39]} a6 {[%emt 0:00:25]} 8. Na3 {[%emt 0:00:08]} b5 {[%emt 0:01:00]} 9. Nd5 {[%emt 0:00:15]} Be7 {[%emt 0:00:09]} 10. Bxf6 {[%emt 0:01:39]} Bxf6 {[%emt 0:00:12]} 11. c4 {[%emt 0:01:41]} b4 {[%emt 0:03:02]} 12. Nc2 {[%emt 0:00:34]} Rb8 {[%emt 0:04:02]} 13. b3 {[%emt 0:01:14]} O-O {[%emt 0:00:38]} 14. g3 {[%emt 0:00:19]} Bg5 {[%emt 0:01:26]} 15. h4 {[%emt 0:00:22]} Bh6 {[%emt 0:09:45]} 16. Bg2 {[%emt 0:00:20]} a5 {[%emt 0:09:12]} 17. O-O {[%emt 0:00:24]} g6 {[%emt 0:08:52]} 18. Qd3 {[%emt 0:05:01]} f5 {[%emt 0:08:30]} 19. Rad1 {[%emt 0:03:43]} Kh8 {[%emt 0:13:59]} 20. exf5 {[%emt 0:16:00]} Bxf5 {[%emt 0:02:32]} 21. Be4 {[%emt 0:02:05]} Bh3 {[%emt 0:11:39]} 22. Rfe1 {[%emt 0:01:35]} Bg7 {[%emt 0:02:38]} 23. Nde3 {[%emt 0:04:13]} Nd4 {[%emt 0:05:58]} 24. Nxd4 {[%emt 0:00:30]} exd4 {[%emt 0:00:01]} 25. Nd5 {[%emt 0:00:37]} Qd7 {[%emt 0:01:38]} 26. f4 {[%emt 0:03:18]} Bg4 {[%emt 0:01:02]} 27. Rc1 {[%emt 0:07:35]} Rfe8 {[%emt 0:02:07]} 28. c5 {[%emt 0:11:28]} dxc5 {[%emt 0:00:23]} 29. Rxc5 {[%emt 0:00:04]} a4 {[%emt 0:01:50]} 30. Rc7 {[%emt 0:01:46]} Qe6 {[%emt 0:01:13]} 31. Rxg7 {[%emt 0:00:56]} Kxg7 {[%emt 0:00:17]} 32. Qxd4+ {[%emt 0:00:15]} Kh6 {[%emt 0:00:39]} 33. Nc7 {[%emt 0:00:37]} Qe7 {[%emt 0:00:38]} 34. Nxe8 {[%emt 0:04:46]} Rxe8 {[%emt 0:00:05]} 35. Kf2 {[%emt 0:00:09]} Bf5 {[%emt 0:00:45]} 36. Kf3 {[%emt 0:00:06]} axb3 {[%emt 0:00:36]} 37. axb3 {[%emt 0:00:08]} Qe6 {[%emt 0:00:29]} 38. Re3 {[%emt 0:00:08]} Bg4+ {[%emt 0:00:46]} 39. Kf2 {[%emt 0:00:38]} Qa6 {[%emt 0:00:36]} 40. Qd2 {[%emt 0:00:00]} Bh3 {[%emt 0:00:00]} 41. Qe2 {[%emt 0:06:37]} Qb6 {[%emt 0:12:58]} 42. Bf3 {[%emt 0:01:43]} Bf1 {[%emt 0:06:10]} 43. Qe1 {[%emt 0:01:57]} Qd4 {[%emt 0:01:40]} 44. g4 {[%emt 0:03:13]} Bb5 {[%emt 0:02:00]} 45. g5+ {[%emt 0:03:50]} Kg7 {[%emt 0:00:02]} 46. Qc1 {[%emt 0:02:58]} Re7 {[%emt 0:02:24]} 47. Qe1 {[%emt 0:16:17]} h6 {[%emt 0:04:58]} 48. gxh6+ {[%emt 0:04:54]} Kxh6 {[%emt 0:00:17]} 49. h5 {[%emt 0:01:33]} gxh5 {[%emt 0:01:36]} 50. Qc1 {[%emt 0:02:27]} Be8 {[%emt 0:02:30]} 51. Ke2 {[%emt 0:01:09]} Bb5+ {[%emt 0:00:14]} 52. Kf2 {[%emt 0:00:08]} Kg7 {[%emt 0:01:29]} 53. Bxh5 {[%emt 0:02:29]} Qxf4+ {[%emt 0:00:27]} 54. Bf3 {[%emt 0:00:11]} Qh2+ {[%emt 0:00:23]} 55. Bg2 {[%emt 0:00:12]} Qf4+ {[%emt 0:00:55]} 56. Bf3 {[%emt 0:00:21]} Qd4 {[%emt 0:00:22]} 57. Qg1+ {[%emt 0:01:45]} Kf6 {[%emt 0:00:38]} 58. Qc1 {[%emt 0:00:25]} Qh4+ {[%emt 0:00:20]} 59. Kg1 {[%emt 0:00:32]} Qg3+ 0-1

[Event "XXIX Cracovia 2018"]
[Site "Krakow"]
[Date "2018.12.29"]
[Round "4"]
[White "Rysaev, Danial"]
[Black "Kvaratskhelia, Dimitri"]
[Result "1-0"]
[WhiteElo "1945"]
[BlackElo "1996"]
[Annotator "NA"]
[PlyCount "77"]
[EventDate "2018.12.27"]
[EventType "swiss"]
[EventCountry "POL"]
[SourceTitle "playchess.com"]
[Source "ChessBase"]
[SourceQuality "1"]
[TimeControl "40/5400+30:1800+30"]

1. d4 {[%emt 0:00:00]} Nf6 {[%emt 0:00:18]} 2. c4 {[%emt 0:00:05]} e6 {[%emt 0:00:05]} 3. Nc3 {[%emt 0:00:23]} d5 {[%emt 0:00:44]} 4. cxd5 {[%emt 0:00:06]} exd5 {[%emt 0:00:04]} 5. Bg5 {[%emt 0:00:04]} Be7 {[%emt 0:00:05]} 6. e3 {[%emt 0:00:14]} c6 {[%emt 0:00:15]} 7. Bd3 {[%emt 0:00:07]} Nbd7 {[%emt 0:00:16]} 8. Qc2 {[%emt 0:00:51]} O-O {[%emt 0:00:16]} 9. Nge2 {[%emt 0:01:05]} Re8 {[%emt 0:00:28]} 10. f3 {[%emt 0:01:31]} Nf8 {[%emt 0:00:52]} 11. Bh4 {[%emt 0:00:25]} b6 {[%emt 0:02:46]} 12. O-O {[%emt 0:00:43]} c5 {[%emt 0:01:48]} 13. Rad1 {[%emt 0:02:07]} c4 {[%emt 0:12:46]} 14. Bf5 {[%emt 0:00:06]} Bb7 {[%emt 0:00:28]} 15. Bf2 {[%emt 0:06:39]} g6 {[%emt 0:02:35]} 16. Bh3 {[%emt 0:03:22]} Bd6 {[%emt 0:04:23]} 17. Ng3 {[%emt 0:05:15]} a6 {[%emt 0:01:50]} 18. e4 {[%emt 0:07:09]} Bf4 {[%emt 0:03:41]} 19. e5 {[%emt 0:02:50]} Bxg3 {[%emt 0:05:01]} 20. Bxg3 {[%emt 0:00:37]} Nh5 {[%emt 0:00:21]} 21. f4 {[%emt 0:05:07]} f5 {[%emt 0:06:22]} 22. Be1 {[%emt 0:02:37]} Ne6 {[%emt 0:03:31]} 23. Bxf5 {[%emt 0:00:46]} gxf5 {[%emt 0:02:47]} 24. Qxf5 {[%emt 0:03:56]} Nhg7 {[%emt 0:04:28]} 25. Qg4 {[%emt 0:00:07]} h5 {[%emt 0:10:58]} 26. Qh3 {[%emt 0:02:03]} Bc8 {[%emt 0:04:54]} 27. Bh4 {[%emt 0:01:53]} Qd7 {[%emt 0:09:09]} 28. Qg3 {[%emt 0:00:38]} Nf8 {[%emt 0:06:24]} 29. f5 {[%emt 0:00:22]} Ra7 {[%emt 0:05:25]} 30. f6 {[%emt 0:01:50]} Qc6 {[%emt 0:01:39]} 31. Qf3 {[%emt 0:03:13]} Be6 {[%emt 0:02:38]} 32. fxg7 {[%emt 0:00:55]} Rxg7 {[%emt 0:00:03]} 33. h3 {[%emt 0:01:32]} Qd7 {[%emt 0:01:53]} 34. Bf6 {[%emt 0:00:29]} Rg6 {[%emt 0:02:17]} 35. Qxh5 {[%emt 0:01:04]} Qh7 {[%emt 0:01:51]} 36. Qxh7+ {[%emt 0:00:30]} Kxh7 {[%emt 0:00:40]} 37. Ne2 {[%emt 0:00:34]} Nd7 {[%emt 0:03:26]} 38. Nf4 {[%emt 0:00:13]} Rgg8 {[%emt 0:00:41]} 39. Bh4 {[%emt 0:00:41]} 1-0

[Event "XXIX Cracovia 2018"]
[Site "Krakow"]
[Date "2018.12.30"]
[Round "5"]
[White "Jarmula, Lukasz"]
[Black "Piotrowski, Przemyslaw"]
[Result "1-0"]
[WhiteElo "2481"]
[BlackElo "2269"]
[Annotator "TA"]
[PlyCount "110"]
[EventDate "2018.12.27"]
[EventType "swiss"]
[EventCountry "POL"]
[SourceTitle "playchess.com"]
[Source "ChessBase"]
[SourceQuality "1"]

{[%evp 25,110,37,30,29,46,43,44,52,50,47,58,47,52,28,104,97,126,133,139,135,133,127,130,135,185,185,193,191,195,186,202,186,185,189,243,241,233,210,231,182,223,235,235,237,240,233,245,244,310,178,335,288,281,280,365,337,308,225,190,190,191,187,218,206,247,261,491,491,493,478,443,435,499,457,390,429,548,554,29953,29939,12843,12843,6429,12298,6522,6522,29973]} 1. d4 Nf6 2. c4 g6 3. Nc3 Bg7 4. e4 d6 5. Be2 O-O 6. Nf3 e5 7. O-O exd4 8. Nxd4 Nc6 9. Be3 Re8 10. f3 Nh5 11. Qd2 Nf4 12. Rfd1 Bxd4 {E94: King's Indian: Classical: 6 Be2 e5 7 0-0: Various Black 7th moves} (12... Nxd4 13. Bxd4 Bxd4+ 14. Qxd4 Nxe2+ 15. Nxe2 b6 16. Nc3 Bb7 17. Nd5 Bxd5 18. cxd5 Qg5 19. Rac1 Rac8 20. Qd2 Qe5 21. Qd4 Qg5 22. Qd2 Qe5 23. Qd4 Qg5 24. Qd2 {½-½ (24) Mamedyarov,S (2772)-Radjabov,T (2710) Shamkir 2017}) 13. Bxd4 Nxd4 {LiveBook: 5 Games} 14. Qxf4 Nxe2+ {White has an edge.} 15. Nxe2 Qe7 16. Nc3 {Black must now prevent Nd5.} Be6 17. b3 {[#]} Rad8 $146 ({Predecessor:} 17... Kg7 18. Rac1 Qf6 19. Qe3 a6 20. f4 {1-0 (33) Mchedlishvili,M (2607)-Fier,A (2624) Ureki 2015}) 18. Qe3 b6 19. Qf4 Qf8 (19... f5 $11) 20. Nb5 $36 {[%mdl 2048] White is on the roll.} Re7 21. Nxa7 Bd7 22. a4 Qg7 23. Qd2 Ra8 24. Nb5 Bxb5 25. cxb5 Rae8 26. Qd4 Re5 27. Rac1 R8e7 28. Qc3 f5 29. Rd5 Qh6 (29... R5e6 {might work better.}) 30. Rxe5 $18 Rxe5 {[%mdl 4096] Endgame KQR-KQR} 31. Qc4+ (31. Qxc7 Qe3+ 32. Kh1 Rc5 $11) 31... Kh8 32. Rf1 ({Weaker is} 32. Qxc7 Qe3+ 33. Kf1 Qd3+ 34. Kg1 Qe3+ 35. Kh1 Rc5 $11) 32... fxe4 33. fxe4 ({Stronger than} 33. Qxc7 Qe3+ 34. Kh1 exf3 $14) 33... Qe3+ 34. Kh1 Re7 35. h3 Qc5 {White should prevent ...Qxc4.} 36. Qd3 Qe5 37. Qf3 (37. b4 $142) 37... Re8 $2 (37... h5 38. Qf8+ Kh7) 38. Rc1 Qg7 39. Qc3 Qxc3 40. Rxc3 {KR-KR} Re7 41. Rc4 Kg7 42. b4 {[%cal Bb3b4,Bb4a5,Ba5b6][%mdl 32]} Kf6 43. a5 bxa5 44. bxa5 Re5 45. Rb4 $1 {Hoping for a6.} ({Less strong is} 45. Rxc7 Rxb5 46. a6 (46. Rxh7 Rxa5 47. Kh2 Re5 $14) 46... Ra5 $16) 45... Re8 $2 (45... Re7 46. a6 Ke6) 46. b6 cxb6 47. axb6 Rb8 48. b7 Ke6 49. Kh2 Kd7 50. Kg3 Kc7 51. Kg4 Rxb7 52. Rxb7+ Kxb7 53. Kg5 $1 {White is clearly winning.} Kc6 {[#]} 54. Kf6 $1 Kc5 {[#]} 55. e5 $1 {[%cal Re5e6]} Kd5 {Precision: White = 81%, Black = 33%.} 1-0

[Event "XXIX Cracovia 2018"]
[Site "Krakow"]
[Date "2018.12.30"]
[Round "5"]
[White "Janik, Igor"]
[Black "Grela, Kacper"]
[Result "1/2-1/2"]
[WhiteElo "2476"]
[BlackElo "2305"]
[Annotator "TA"]
[PlyCount "64"]
[EventDate "2018.12.27"]
[EventType "swiss"]
[EventCountry "POL"]
[SourceTitle "playchess.com"]
[Source "ChessBase"]
[SourceQuality "1"]

{[%evp 21,64,46,51,48,37,51,14,16,12,0,83,11,18,16,14,-14,-8,-11,-8,-36,-25,-21,-27,-44,-39,-27,-26,-42,-39,-50,-61,-54,-51,-71,-73,-65,-58,-174,-51,-51,-51,-52,-52,-54,0]} 1. d4 d5 2. c4 e6 3. Nf3 Nf6 4. g3 Nbd7 5. Bg2 dxc4 6. O-O Be7 7. Qc2 a6 8. a4 {[%cal Ba2a4,Ba4a5][%mdl 32]} O-O 9. Nbd2 Nb6 {E05: Open Catalan: 5 Nf3 Be7} (9... c5 10. dxc5 c3 11. bxc3 Bxc5 12. Nb3 Be7 13. c4 Qc7 14. a5 Nc5 15. Bf4 Bd6 16. Nxc5 Bxf4 17. Nd3 Bd6 18. c5 Bd7 19. Nd4 e5 20. cxd6 {1-0 (20) Edouard,R (2640)-Minko,V (2438) Minsk 2017}) 10. a5 Nbd5 11. Nxc4 Bd7 {LiveBook: 3 Games. White is slightly better.} 12. Nfe5 Bb5 13. Rd1 c5 14. dxc5 Bxc5 15. Nd3 {[%cal Be5d3,Bd3b2,Bb2a4][%mdl 32]} Rc8 (15... Bd4 $11 16. Ra3 Qc7) 16. b3 (16. Nxc5 $16 {aiming for Nb6.} Rxc5 17. b3) 16... Bd4 $11 17. Ndb2 $146 ({Predecessor:} 17. Bb2 Bxb2 18. Qxb2 {1-0 (59) Spassov,L (2417)-Nikolova,A (2310) Sofia 2009}) 17... Bc5 18. e4 Nb4 $36 {[%mdl 2048] White is under pressure.} 19. Qe2 Qe7 20. Bg5 {[#] e5 is the strong threat.} e5 21. Na4 Bd4 22. Rac1 Nc6 {And now ...Nxa5! would win.} 23. Qe1 h6 24. Be3 Bxe3 25. fxe3 Bxa4 26. bxa4 Rcd8 27. Rxd8 Rxd8 28. Qc3 Qc5 29. Qb2 (29. Bf3 $15) 29... Ng4 (29... Nxa5 $19 30. Nxa5 Qxa5) 30. Qb6 $15 {Black is slightly better.} Qe7 31. Bf3 Nf6 32. Qb2 Qc5 {Accuracy: White = 30%, Black = 65%.} (32... g6 $15) 1/2-1/2

[Event "XXIX Cracovia 2018"]
[Site "Krakow"]
[Date "2018.12.30"]
[Round "5"]
[White "Kosakowski, Jakub"]
[Black "Czerw, Dawid"]
[Result "1/2-1/2"]
[WhiteElo "2415"]
[BlackElo "2275"]
[Annotator "TA"]
[PlyCount "122"]
[EventDate "2018.12.27"]
[EventType "swiss"]
[EventCountry "POL"]
[SourceTitle "playchess.com"]
[Source "ChessBase"]
[SourceQuality "1"]

{[%evp 23,122,-12,8,-41,-34,-41,-16,-33,-14,-12,1,-4,0,0,10,12,27,-10,29,-7,1,-5,-7,-9,-3,-12,-17,-12,-14,-38,-56,-59,-27,-54,10,10,14,-43,0,0,0,0,0,0,0,8,9,0,0,0,12,0,25,20,26,0,8,8,8,8,8,0,0,0,0,0,8,0,0,0,8,8,8,8,8,8,8,8,8,8,8,8,8,8,8,8,8,8,8,8,8,8,8,8,8,8,8,8,8,0,0]} 1. e4 e6 2. d3 d5 3. Nd2 c5 4. Ngf3 Nc6 5. g3 g6 6. Bg2 Bg7 7. O-O Nge7 8. Re1 b6 9. e5 Qc7 10. Qe2 g5 {A08: King's Indian Attack} (10... h6 11. h4 g5 12. hxg5 hxg5 13. Nxg5 Qxe5 14. Qxe5 Nxe5 15. Ngf3 N5c6 16. c3 Ba6 17. Bf1 Ng6 18. a4 Kd7 {1-0 (50) Nakamura,H (2741)-Ponomariov,R (2744) Moscow 2010}) 11. Nxg5 Qxe5 12. Qxe5 Nxe5 {LiveBook: 4 Games} 13. Nh3 $146 ({Predecessor:} 13. Ngf3 N5c6 14. c3 a5 15. a4 Ba6 16. Bf1 Ng6 17. Rd1 O-O 18. Ne1 {0-1 (53) Plichta,K (2177)-Kraus,T (2360) Liberec 2013}) 13... N5g6 14. f4 Bb7 15. Nf3 O-O 16. Nf2 Nc6 17. c3 Rfd8 18. Bd2 b5 19. Rac1 a5 20. h4 Rac8 21. Ng4 Nge7 22. Nge5 Nxe5 23. fxe5 b4 24. d4 bxc3 25. bxc3 Ba6 26. Bf1 Bxf1 27. Rxf1 cxd4 28. cxd4 Nc6 ({Black should try} 28... Nf5 $1 $15) 29. Rc3 $36 {[%mdl 2048] Black should prevent Rfc1. Black is under pressure.} Nb4 30. Ra3 (30. Rfc1 $11 Rxc3 31. Rxc3) 30... Rc2 31. Rxa5 Nxa2 32. Rf2 {[#] Bg5 is the strong threat.} Nc1 33. Bg5 Rxf2 34. Kxf2 Rc8 35. Ra7 h6 36. Bd2 Nd3+ 37. Ke2 Nb2 38. g4 Nc4 39. Bb4 Bf8 {The position is equal.} 40. Bxf8 Rxf8 {[%mdl 4096] Endgame KRN-KRN} 41. g5 Kg7 42. Kf2 Kg6 43. gxh6 Kxh6 44. Ng5 Kh5 45. Kf3 Kxh4 46. Kf4 Kh5 47. Rxf7 Rxf7+ 48. Nxf7 {KN-KN} Na3 49. Nd8 Nc2 50. Nxe6 {[#] Strongly threatening Kf5.} Kg6 51. Kg4 Ne3+ 52. Kf3 Nc2 53. Kf4 Nb4 54. Nd8 Nd3+ 55. Ke3 Nb4 56. Kd2 Kf5 57. Kc3 Na2+ 58. Kb2 Nb4 59. Kb3 Nd3 60. Nc6 Nf4 61. Nd8 Ne2 {Precision: White = 42%, Black = 63%.} 1/2-1/2

[Event "XXIX Cracovia 2018"]
[Site "Krakow"]
[Date "2018.12.30"]
[Round "5"]
[White "Hnydiuk, Aleksander"]
[Black "Reza, Wojciech"]
[Result "1-0"]
[WhiteElo "2409"]
[BlackElo "2287"]
[Annotator "NA"]
[PlyCount "61"]
[EventDate "2018.12.27"]
[EventType "swiss"]
[EventCountry "POL"]
[SourceTitle "playchess.com"]
[Source "ChessBase"]
[SourceQuality "1"]
[TimeControl "40/5400+30:1800+30"]

1. d4 {[%emt 0:00:25]} Nf6 {[%emt 0:00:00]} 2. c4 {[%emt 0:00:04]} c5 {[%emt 0:00:00]} 3. d5 {[%emt 0:00:11]} e6 {[%emt 0:00:00]} 4. Nc3 {[%emt 0:00:06]} exd5 {[%emt 0:00:00]} 5. cxd5 {[%emt 0:00:03]} d6 {[%emt 0:00:08]} 6. Nf3 {[%emt 0:00:14]} g6 {[%emt 0:00:32]} 7. Bf4 {[%emt 0:00:14]} Bg7 {[%emt 0:04:51]} 8. e3 {[%emt 0:02:55]} O-O {[%emt 0:02:56]} 9. h3 {[%emt 0:00:04]} a6 {[%emt 0:08:43]} 10. a4 {[%emt 0:00:07]} Qe7 {[%emt 0:00:07]} 11. Nd2 {[%emt 0:03:37]} Nbd7 {[%emt 0:03:17]} 12. Be2 {[%emt 0:12:36]} Ne5 {[%emt 0:13:50]} 13. O-O {[%emt 0:02:12]} Ne8 {[%emt 0:02:56]} 14. Nc4 {[%emt 0:39:44]} Nxc4 {[%emt 0:01:40]} 15. Bxc4 {[%emt 0:00:05]} b6 {[%emt 0:04:23]} 16. Re1 {[%emt 0:01:09]} g5 {[%emt 0:22:00]} 17. Bg3 {[%emt 0:06:21]} f5 {[%emt 0:00:24]} 18. f4 {[%emt 0:01:14]} gxf4 {[%emt 0:04:18]} 19. exf4 {[%emt 0:02:37]} Qf6 {[%emt 0:02:53]} 20. Kh2 {[%emt 0:05:37]} Nc7 {[%emt 0:00:36]} 21. Qd3 {[%emt 0:07:51]} Bd7 {[%emt 0:02:26]} 22. Re2 {[%emt 0:03:12]} Rfb8 {[%emt 0:08:33]} 23. Ra3 {[%emt 0:01:01]} Kf7 {[%emt 0:02:12]} 24. Rb3 {[%emt 0:01:08]} Qd4 {[%emt 0:01:38]} 25. Bh4 {[%emt 0:00:39]} Bf6 {[%emt 0:05:02]} 26. Qf3 {[%emt 0:02:01]} b5 {[%emt 0:01:32]} 27. Nxb5 {[%emt 0:02:27]} Bxb5 {[%emt 0:04:17]} 28. Qh5+ {[%emt 0:01:26]} Kg8 {[%emt 0:03:37]} 29. axb5 {[%emt 0:00:45]} Bxh4 {[%emt 0:00:51]} 30. Qxh4 {[%emt 0:00:18]} Re8 {[%emt 0:00:35]} 31. Rd3 {[%emt 0:01:28]} 1-0